000
00218 a2200097 4500
001
25396
100
_a
Plumpto
245
_a
Theoretical Mechanics for Sixth Forms
260
_a
_b
Pergamon
_c
1968
090
_c
17142
_d
17142
942
_a
NUST-CAE
_c
M
_c
7939
999
_c
260469
_d
260469